| 000 | 00369nam a2200157Ia 4500 | ||
|---|---|---|---|
| 100 | _aJain G.C | ||
| 650 | _aElectrical Engineering | ||
| 490 | _vI | ||
| 942 | _cBK | ||
| 654 | _aPractical Semiconductor | ||
| 245 | _aPractical Semiconductor Data Manual | ||
| 260 |
_bBusiness promotion _aDelhi _c1982 |
||
| 082 | _a621.3817304 | ||
| 300 | _a112 | ||
| 546 | _aENGLISH | ||
| 999 |
_c21893 _d21893 |
||